| 000 | 00371nam a2200157Ia 4500 | ||
|---|---|---|---|
| 008 | 221030s9999 xx 000 0 und d | ||
| 020 | _a812030599X | ||
| 041 | _aEnglish | ||
| 100 | _aV. Deltoro | ||
| 245 | 0 |
_aElectrical Engineering Fundamentals _cby V. Deltoro |
|
| 250 | _a2nd | ||
| 260 |
_bPHI _aNew Delhi _c2005 |
||
| 300 | _a921 | ||
| 650 | _aBB EE | ||
| 942 | _cBK | ||
| 999 |
_c17966 _d17966 |
||